EGA/VGA a programmer's reference guide

Αποθηκεύτηκε σε:
Λεπτομέρειες βιβλιογραφικής εγγραφής
Κύριος συγγραφέας: Kliewer, Bradley Dyck
Μορφή: Βιβλίο
Γλώσσα:English
Δημοσίευση: New York : Intertext Publications : , McGraw-Hill, c1988
Θέματα:
Ετικέτες: Προσθήκη ετικέτας
Δεν υπάρχουν, Καταχωρήστε ετικέτα πρώτοι!

MARC

LEADER 00000nam a2200000 i 4500
001 1/41500
008 971121s1988 eng d
020 |a 0-07-035089-2 
035 |a 1997  |c ΔΩΡΕΑ ΤΖΑΦΕΡΗ  |l 10041526 
040 |a GR-MY-UA  |b gre  |e aacr 
041 0 |a eng 
082 0 |a 006.676 
100 1 |a Kliewer, Bradley Dyck. 
245 1 0 |a EGA/VGA a programmer's reference guide /  |c Bradley Dyck Kliewer 
260 |a New York :   |b Intertext Publications : ,   |b McGraw-Hill,   |c c1988 
300 |a xv, 269 p.;  |b ill.;  |c 23 cm. 
500 |a Includes index 
650 0 0 |a Computer graphics  |x Standards. 
852 |a INST  |b SAMOS  |e 19971121  |h 006.676 KLI  |p 005300008438  |q 005300008438  |t BK  |y 0 
901 |a BIBL-1997-2 
909 |a Σ  |b 050530